000 00688nam a2200229Ia 4500
003 OSt
005 20220926005451.0
006 a|||||r|||| 00| 0
007 ta
008 220923b |||||||| |||| 00| 0 eng d
037 _cGeneral Book
040 _aRTL
_cRTL
_beng
041 _2eng
_aeng
082 _aX:54.2.N65<N63r, K5
110 _aSTATE TRADING CORPORATION OF INDIA LTD
_9310391
245 0 _aAnnaul report,1963-1965.
260 _a New Delhi
_bState Trading Corporation of India
_c1965
300 _a92p.
_ccm.
700 _aSTATE TRADING CORPORATION OF INDIA LTD
_9310392
942 _hX:54.2.N65<N63r, K5
_cGB
_2CC
999 _c613935
_d613935